| Tag |
First Indicator |
Second Indicator |
Subfields |
| LEADER |
00000cam a2200000 a 4500 |
| 001 |
in00000003468 |
| 007 |
he bmb024bbca |
| 008 |
990512s1998 dcu b f000 0 eng c |
| 005 |
20230309222514.2 |
| 035 |
|
|
|a (OCoLC)ocm41352976
|
| 035 |
|
|
|9 AJF9258AM
|
| 035 |
|
|
|a in00000003468
|
| 037 |
|
|
|a 161071
|b GAO (202) 512-6000 (Voice); (202) 512-6061 (Fax); (202) 512-2537 (TDD)
|f paper copy
|
| 040 |
|
|
|a GPO
|c GPO
|d MvI
|d UtOrBLW
|
| 042 |
|
|
|a pcc
|
| 043 |
|
|
|a n-us---
|
| 049 |
|
|
|a UMIC
|
| 049 |
|
|
|a WWW
|
| 074 |
|
|
|a 0546-D-01 (MF)
|
| 074 |
|
|
|a 0546-D-01 (online)
|
| 086 |
0 |
|
|a GA 1.5/2:T-GGD-98-198
|
| 100 |
1 |
|
|a Ungar, Bernard L.
|
| 245 |
1 |
0 |
|a Proposed legislation :
|b issues related to Honesty in Sweepstakes Act of 1998 (S. 2141) : statement for the record by Bernard L. Ungar, Director, Government Business Operations Issues, General Government Division, before the Subcommittee on International Security, Proliferation and Federal Services, Senate Committee on Governmental Affairs.
|
| 246 |
3 |
0 |
|a Issues related to Honesty in Sweepstakes Act of 1998 (S. 2141)
|
| 264 |
|
1 |
|a Washington, D.C. (P.O. Box 37050, Washington 20013) :
|b U.S. General Accounting Office,
|c [1998]
|
| 300 |
|
|
|a 18 pages ;
|c 28 cm.
|
| 336 |
|
|
|a text
|b txt
|2 rdacontent
|
| 337 |
|
|
|a microform
|b h
|2 rdamedia
|
| 338 |
|
|
|a microfiche
|b he
|2 rdacarrier
|
| 490 |
1 |
|
|a Testimony ;
|v GAO/T-GGD-98-198
|
| 500 |
|
|
|a Cover title.
|
| 500 |
|
|
|a Shipping list number: 99-0336-P.
|
| 500 |
|
|
|a "September 1, 1998."
|
| 530 |
|
|
|a Also available via Internet from the GPO Access web site. Address as of 05/14/2002: http://frwebgate.access.gpo.gov/cgi-bin/getdoc.cgi?dbname=gao&docid=f:gg98198t.pdf; current access is available via PURL.
|
| 533 |
|
|
|a Microfiche.
|b [Washington, D.C.] :
|c U.S. General Accounting Office,
|d [1999?]
|e 1 microfiche : negative.
|
| 500 |
|
|
|a Microform.
|
| 650 |
|
0 |
|a Direct marketing
|x Law and legislation
|z United States.
|
| 650 |
|
0 |
|a Deceptive advertising
|x Law and legislation
|z United States.
|
| 650 |
|
0 |
|a Consumer protection
|x Law and legislation
|z United States.
|
| 710 |
1 |
|
|a United States.
|b General Accounting Office.
|
| 830 |
|
0 |
|a Testimony ;
|v GAO/T-GGD-98-198.
|
| 856 |
4 |
1 |
|u https://purl.fdlp.gov/GPO/LPS19200
|z Adobe Acrobat Reader required
|t 0
|
| 999 |
|
|
|a MARS
|
| 999 |
f |
f |
|i ceb27a25-94fb-332b-b23f-6a92bf6e1d0b
|s ca4c9119-a108-35da-8103-b57f4508a9ec
|t 0
|
| 952 |
f |
f |
|p normal
|a Texas A&M University
|b College Station
|c Sterling C. Evans Library
|d Evans: US Documents Microfiche (3rd floor)
|t 0
|e GA 1.5/2:T-GGD-98-198
|h Superintendent of Documents classification
|i microform -- microfiche
|m A14824485122
|
| 952 |
f |
f |
|a Texas A&M University
|b College Station
|c Electronic Resources
|d Available Online
|t 0
|e GA 1.5/2:T-GGD-98-198
|h Superintendent of Documents classification
|
| 998 |
f |
f |
|a GA 1.5/2:T-GGD-98-198
|t 0
|l Available Online
|
| 998 |
f |
f |
|a GA 1.5/2:T-GGD-98-198
|t 0
|l Evans: US Documents Microfiche (3rd floor)
|